00000000nam##2200000za#4500
0019.533263
003CaOODSP
00520200327072420
007ta
008150406|2000||||xxc|||||     f|0| 0 fre|d
020 |a0-660-61210-0
040 |aCaOODSP|bfre
041 |aeng
041 |afre
043 |an-cn---
0861 |aBT31-2/2001-III-91
1101 |aCanada. |bConseil du trésor.
24510|aCitoyenneté et Immigration Canada
260 |aOttawa - Ontario : |bSecrétariat du Conseil du Trésor du Canada |c2000.
300 |aTexte français, 40p. : |borganigramme, tableaux ; |c28 cm.
4901 |aBudget des dépenses 2000-2001, partie III: rapport sur les plans et les priorités
546 |aBilingue
563 |aCouverture souple
590 |a00-14|b2000-04-07
69107|aPrévisions budgétaires|2gcpds
7760#|tCitizenship and Immigration Canada, report on plans and priorities, 2000–2001 |w(CaOODSP)9.567917
7760#|tCitoyenneté et Immigration Canada, budget des dépenses de 2000-2001 |w(CaOODSP)9.599232
791 |tCitizenship and Immigration Canada |eeng|w(CaOODSP)9.533262
830#0|aBudget des dépenses 2000-2001, partie III: rapport sur les plans et les priorités.|w(CaOODSP)9.508965